|
|
|
|
| LEADER |
01113cam a2200289 4500 |
| 001 |
856 |
| 003 |
BD-DhAAL |
| 005 |
20150307101727.0 |
| 008 |
150307s1970 ctua b 001 0 eng |
| 010 |
|
|
|a 79125088
|
| 020 |
|
|
|a 087055087X
|
| 040 |
|
|
|a DLC
|c DLC
|d DLC
|d BD-DhAAL
|
| 050 |
0 |
0 |
|a TX815
|b .T56
|
| 082 |
0 |
0 |
|a 642/.5
|
| 100 |
1 |
|
|a Thorner, Marvin Edward.
|9 9118
|
| 245 |
1 |
0 |
|a Food beverage service handbook;
|b a complete guide to hot and cold soft drinks,
|c by Marvin Edward Thorner and Ronald J. Herzberg.
|
| 260 |
|
|
|a Westport, Conn.,
|b AVI Pub. Co.,
|c 1970.
|
| 300 |
|
|
|a ix, 318 p.
|b illus.
|c 24 cm.
|
| 500 |
|
|
|a Second ed. published in 1979 under title: Non-alcoholic food service beverage handbook.
|
| 504 |
|
|
|a Includes bibliographical references.
|
| 541 |
|
|
|e 856
|
| 650 |
|
0 |
|a Beverages.
|9 9119
|
| 650 |
|
0 |
|a Food service.
|9 9120
|
| 700 |
1 |
|
|a Herzberg, Ronald J.,
|e joint author.
|9 9121
|
| 942 |
|
|
|2 ddc
|c BK
|
| 999 |
|
|
|c 33902
|d 33902
|
| 952 |
|
|
|0 0
|1 0
|2 ddc
|4 0
|6 642_500000000000000_THO
|7 0
|9 52918
|a SCL
|b SCL
|c GEN
|d 2015-03-07
|e Gift: The Asia Foundation
|l 0
|o 642.5 THO
|p 3020000856
|r 2015-03-07
|t 1
|w 2015-03-07
|y BK
|